Math in the kitchen / (Record no. 1816)

MARC details
000 -LEADER
fixed length control field 01453cam a2200361 a 4500
001 - CONTROL NUMBER
control field 1816
003 - CONTROL NUMBER IDENTIFIER
control field FISKH
005 - DATE AND TIME OF LATEST TRANSACTION
control field 20231102150028.0
008 - FIXED-LENGTH DATA ELEMENTS--GENERAL INFORMATION
fixed length control field 070208s2007 nyua j b 001 0 eng
010 ## - LIBRARY OF CONGRESS CONTROL NUMBER
LC control number 2007005863
020 ## - INTERNATIONAL STANDARD BOOK NUMBER
International Standard Book Number 9780531185315 (lib. bdg.)
020 ## - INTERNATIONAL STANDARD BOOK NUMBER
International Standard Book Number 0531185311 (lib. bdg.)
020 ## - INTERNATIONAL STANDARD BOOK NUMBER
International Standard Book Number 9780531187845 (pbk.)
020 ## - INTERNATIONAL STANDARD BOOK NUMBER
International Standard Book Number 0531187845 (pbk.)
040 ## - CATALOGING SOURCE
Original cataloging agency DLC
Transcribing agency DLC
Modifying agency DLC
Language of cataloging eng
050 00 - LIBRARY OF CONGRESS CALL NUMBER
Classification number QA40.5
Item number W4456 2008
082 00 - DEWEY DECIMAL CLASSIFICATION NUMBER
Classification number 510
Edition number 22
100 1# - MAIN ENTRY--PERSONAL NAME
Personal name Weiss, Ellen,
Dates associated with a name 1949-
245 10 - TITLE STATEMENT
Title Math in the kitchen /
Statement of responsibility, etc. by Ellen Weiss.
260 ## - PUBLICATION, DISTRIBUTION, ETC.
Place of publication, distribution, etc. New York :
Name of publisher, distributor, etc. Scholastic ,
Date of publication, distribution, etc. 2008.
300 ## - PHYSICAL DESCRIPTION
Extent 24 pages :
Other physical details color illustrations ;
Dimensions 21 cm.
490 0# - SERIES STATEMENT
Series statement Scholastic news nonfiction readers
505 0# - FORMATTED CONTENTS NOTE
Formatted contents note H<br/>
520 ## - SUMMARY, ETC.
Summary, etc. Look around - math is everywhere! Using familiar settings, this series teaches kids how to add and subtract, while also reinforcing number recognition. Young readers will discover how important math is to their everyday activities
521 0# - TARGET AUDIENCE NOTE
Target audience note 480<br/>
Source Lexile<br/>
521 0# - TARGET AUDIENCE NOTE
Target audience note H<br/>
Source Raz-Plus<br/>
650 #0 - SUBJECT ADDED ENTRY--TOPICAL TERM
Topical term or geographic name entry element Mathematics
Form subdivision Juvenile literature.
650 #0 - SUBJECT ADDED ENTRY--TOPICAL TERM
Topical term or geographic name entry element Cooking
Form subdivision Juvenile literature.
856 41 - ELECTRONIC LOCATION AND ACCESS
Materials specified Table of contents only
Uniform Resource Identifier <a href="http://www.loc.gov/catdir/toc/ecip0710/2007005863.html">http://www.loc.gov/catdir/toc/ecip0710/2007005863.html</a>
906 ## - LOCAL DATA ELEMENT F, LDF (RLIN)
a 7
b cbc
c orignew
d 1
e ecip
f 20
g y-gencatlg
942 ## - ADDED ENTRY ELEMENTS (KOHA)
Source of classification or shelving scheme Dewey Decimal Classification
Koha item type Books
Suppress in OPAC No
Holdings
Withdrawn status Lost status Source of classification or shelving scheme Damaged status Not for loan Collection Home library Current library Shelving location Date acquired Total Checkouts Full call number Barcode Date last seen Date last checked out Copy number Price effective from Koha item type
    Dewey Decimal Classification     Non-Fiction Footprints International School Library Network Toul Kork Campus Footprints International School Library Network Toul Kork Campus TK Primary Library Room(4th Floor), Bookcase 1&2, Shelves 1-16, Dark Blue Books 10/04/2023 5 WEI 510 QA40.5 FISBK05982 12/20/2024 09/13/2024 1 10/04/2023 Books
    Dewey Decimal Classification     Non-Fiction Footprints International School Library Network Toul Kork Campus Footprints International School Library Network Toul Kork Campus TK Primary Library Room(4th Floor), Bookcase 1&2, Shelves 1-16, Dark Blue Books 10/04/2023 1 WEI 510 QA40.5 2023-0729 04/11/2024 04/04/2024 2 10/04/2023 Books